| 000 | 00493nam a22001817a 4500 | ||
|---|---|---|---|
| 003 | CEME | ||
| 005 | 20210628203526.0 | ||
| 008 | 210120b xxu||||| |||| 00| 0 eng d | ||
| 020 | _a9780070655768 | ||
| 040 | _c. | ||
| 082 | _a647.94068 AND | ||
| 100 |
_aAndrews, Sudhir _966019 |
||
| 245 | _aFront office managment and operations | ||
| 260 |
_aINDIA _bTATA MCGRAW HILL _c2008 |
||
| 300 | _aXXV,460P | ||
| 650 |
_aFRONT OFFICE MANAGMENT.FRONT OFFICE OPERATIONS _966020 |
||
| 942 |
_cBK _2ddc |
||
| 999 |
_c574069 _d574069 |
||